Statistics for České CHKO

Click here to take the quiz!

General Stats

  • This quiz has been taken 146 times
  • The average score is 12 of 26

Answer Stats

Chráněná krajinná oblastRozloha v km2% Correct
Šumava996,24
86%
Jeseníky740
71%
Beskydy1160
70%
Český ráj181,52
64%
Český les470
62%
Orlické hory200
60%
Moravský kras92
57%
Jizerské hory350
55%
Český kras132
53%
Kokořínsko - Máchův kraj410
53%
Bílé Karpaty715
49%
Pálava83
48%
Křivoklátsko630
46%
Lužické hory350
46%
Brdy345
44%
Železné hory380
43%
České středohoří1070
39%
Broumovsko410
38%
Žďárské vrchy705
38%
Slavkovský les640
37%
Třeboňsko700
37%
Blaník40
32%
Poodří81,50
30%
Blanský les212,35
29%
Litovelské Pomoraví96
29%
Labské pískovce245
23%

Score Distribution

Percentile by Number Answered

Percent of People with Each Score

Your Score History

You have not taken this quiz